Catálogo
 En Linea

El romanticismo español / (Registro nro. 4518)

Detalles MARC
000 -CABECERA
campo de control de longitud fija 00640cam a2200205 a 4500
001 - NÚMERO DE CONTROL
campo de control 000004712
005 - FECHA Y HORA DE LA ÚLTIMA TRANSACCIÓN
campo de control 20200929151505.0
008 - DATOS DE LONGITUD FIJA--INFORMACIÓN GENERAL
campo de control de longitud fija 820210s1989 sp b 001 0 spa
020 ## - NÚMERO INTERNACIONAL ESTÁNDAR DEL LIBRO
Número Internacional Estándar del Libro 8470395416
040 ## - FUENTE DE LA CATALOGACIÓN
Centro catalogador/agencia de origen DO-SdBNP
Lengua de catalogación spa
Centro/agencia transcriptor BNPHU
082 ## - NÚMERO DE LA CLASIFICACIÓN DECIMAL DEWEY
Número de clasificación 860.09
Número de documento/Ítem L792r, 1989.
100 1# - ENTRADA PRINCIPAL--NOMBRE DE PERSONA
Nombre de persona Lloréns, Vicente.
9 (RLIN) 13722
245 13 - MENCIÓN DE TÍTULO
Título El romanticismo español /
Mención de responsabilidad, etc. Vicente Lloréns.
250 ## - MENCIÓN DE EDICIÓN
Mención de edición 2a ed. corr.
260 ## - PUBLICACIÓN, DISTRIBUCIÓN, ETC.
Lugar de publicación, distribución, etc. Madrid :
Nombre del editor, distribuidor, etc. Castalia,
Fecha de publicación, distribución, etc. 1989.
300 ## - DESCRIPCIÓN FÍSICA
Extensión 599 p. ;
Dimensiones 19 cm.
440 #0 - MENCIÓN DE SERIE/PUNTO DE ACCESO ADICIONAL--TÍTULO
Título Literatura y sociedad ;
Designación de volumen o secuencia 48.
9 (RLIN) 12032
650 #4 - PUNTO DE ACCESO ADICIONAL DE MATERIA--TÉRMINO DE MATERIA
Término de materia o nombre geográfico como elemento de entrada Literatura española
Subdivisión cronológica SIGLO XIX
Subdivisión general Historia y crítica
9 (RLIN) 3060
650 #4 - PUNTO DE ACCESO ADICIONAL DE MATERIA--TÉRMINO DE MATERIA
Término de materia o nombre geográfico como elemento de entrada Romanticismo
Subdivisión geográfica Español
9 (RLIN) 13723
Existencias
Estado de retiro Estado de pérdida Restricciones de uso No para préstamo Código de colección Localización permanente Ubicación/localización actual Ubicación en estantería Fecha de adquisición Número de inventario Total de préstamos Signatura topográfica completa Código de barras Fecha visto por última vez Precio válido a partir de Tipo de ítem Koha Número de copia
      Excluido de préstamo Monografías: Libros y Folletos General General Depósito 24.07.2009 LF1   860.09 L792r, 1989. 4712-10 25.06.2020 25.06.2020 No se presta  
  Extraviado   Excluido de préstamo Monografías: Libros y Folletos General General Extraviado 04.04.2017 LF1   860.09 L792r, 1989. 4712-20 25.06.2020 25.06.2020 No se presta e. 2

Con tecnología Koha